| 000 | 00986nam0a22002651 4500 | ||
|---|---|---|---|
| 001 | RU\NLR\INFOCOMM_18\5000664359 | ||
| 005 | 20250613095004.0 | ||
| 035 | _a(NLR Aleph) 009282191 | ||
| 090 |
_a9168221 _c9168221 |
||
| 100 | _a20100921d1969 |||y0rusy50 ca | ||
| 101 | 1 |
_aeng _crus |
|
| 102 | _aRU | ||
| 105 | _aa ||||000|y | ||
| 200 | 1 |
_aEconomic mineral deposits _e[Transl. from the Russ. ...] _fI. V. Dorokhin, E. N. Bogacheva, A. V. Druzhinin [и др.] |
|
| 210 |
_aΜ. _c"Higher school" _d1969 |
||
| 215 |
_a368 с.; 1 л. карт. _cил., карт. _d22 см |
||
| 300 | _aНа обороте тит. л.: Дорохин И. В. Месторождения полезных ископаемых и их разведка | ||
| 686 |
_aГн-633 _2rubbk |
||
| 701 | 1 |
_9z02790 _aDorochin _bI. V. _gIvan Vladimirovič _4070 |
|
| 790 | 1 |
_9z02701 _aDorokhin _bI. V. _4070 |
|
| 801 | 1 |
_aRU _bNLR _c20100921 |
|
| 801 | 0 |
_aRU _bNLR _gPSBO |
|
| 852 |
_aNLR _jГн01 Д-5/10 |
||
| 942 | _cBOOK | ||
| 980 | _aNB | ||